| 000 | 00654nam a2200217Ia 4500 | ||
|---|---|---|---|
| 003 | GCL | ||
| 008 | 140319s9999 xx 000 0 ara d | ||
| 040 |
_aGCL / _cGCL |
||
| 082 | 0 | 4 |
_a301 _bن ع |
| 100 | 1 | _aنقولا الحداد | |
| 245 | 1 | 0 |
_aعلم الاجتماع : حياة الهيئة الإجتماعية وتطورها / _cنقولا الحداد |
| 300 | _a332 | ||
| 490 |
_aكتاب _v0 |
||
| 650 | 0 | 4 | _aالمجتمع |
| 650 | 0 | 4 | _aالانسان |
| 650 | 0 | 4 | _aالتنمية الاجتماعية |
| 650 | 0 | 4 | _aالحضارة |
| 650 | 0 | 4 | _aالتطور الاجتماعى |
| 650 | 0 | 4 | _aالاجتماع، علم |
| 942 |
_2ddc _cBK |
||
| 999 |
_c42838 _d42838 |
||